Sports Quiz

Random Sports or Europe Quiz
Score 0/9 Timer 05:00
0 Plays Today
Clubs Player % Correct
Espanyol, Inter Milan, Liverpool, Barcelona and Bayern MunichPhilippe Coutinho
85.6%
Barcelona, AS Roma, AC Milan, Stoke City and MainzBojan Krkic
64.2%
Hertha Berlin, Portsmouth, AC Milan, Schalke, Las Palmas, Eintracht Frankfurt, Sassuolo and FiorentinaKevin-Prince Boateng
45.2%
Inter Milan, Newcastle United, Wolfsburg and LevanteObafemi Martins
29.4%
Newcastle United, Villarreal, Stuttgart and AC Milan Jon Dahl Tomasson
5.9%
Mallorca, Swansea City, Napoli, Carpi, Chievo Verona and Eintracht FrankfurtJonathan de Guzman
5%
Tottenham Hotspur, Barcelona, Hannover and Lecce Gheorghe Popescu
1.5%
West Ham United, Espanyol, Stuttgart, Bari, Verona, Brescia and AC MilanFlorin Raducioiu
0.9%
Fulham, Espanyol, Werder Bremen, Bologna and BresciaPierre Wome
0.8%
Remove Ads.
Support Sporcle.
Get the best of Sporcle when you Go Orange. This ad-free experience offers more features, more stats, and more fun while also helping to support Sporcle. Thank you for becoming a member.

You're not logged in!

Compare scores with friends on all Sporcle quizzes.
OR
Log In

Show Comments

Extras

Created Sep 23, 2019ReportNominate
Tags:Europe Quiz, club, League, Player, score, TOP 4

Top Quizzes Today


Score Distribution

Your Account Isn't Verified!

In order to create a playlist on Sporcle, you need to verify the email address you used during registration. Go to your Sporcle Settings to finish the process.

Report this User

Report this user for behavior that violates our Community Guidelines.

Details: